Statistics for Juventus FC squad 2017-2018

Click here to take the quiz!

General Stats

  • This quiz has been taken 45 times
  • The average score is 14 of 24

Answer Stats

HintAnswer% Correct
GKBuffon
98%
CBChiellini
88%
FWHiguaín
88%
FWDybala
81%
CBBarzagli
76%
WGCuadrado
69%
WGBernardeschi
67%
FWMandžukić
64%
CMKhedira
60%
CMPjanic
60%
CBRugani
60%
WGCosta
57%
CMMatuidi
57%
GKPinsoglio
57%
FBSandro
57%
FBDe Sciglio
55%
CMMarchisio
55%
GKSzczęsny
50%
CBBenatia
48%
CMBentancur
40%
FBLichtsteiner
40%
FBAsamoah
29%
CBHöwedes
24%
CMSturaro
17%

Score Distribution

Percentile by Number Answered

Percent of People with Each Score

Your Score History

You have not taken this quiz